000 01067cam a2200313 i 4500
001 13651
003 Mx-PuUPA
005 20251028120133.0
008 140415s1995 mx d gr 000 0 spa d
020 _a9686014195
020 _a9789686014198
040 _aMx-PuUPA
_bspa
_cMx-PuUPA
_dMx-PuUPA
_erda
041 0 _aspa
100 1 _aPerdomo Moreno, Abraham,
_eautor
_914485
245 1 0 _aFundamentos de control interno /
_cAbraham Perdomo Moreno
250 _aCuarta edición
264 1 _aMéxico, D.F. :
_bEdiciones Contables y Administrativas,
_c1995
300 _a278 páginas, 11 páginas (sin paginación) :
_bdiagramas, tablas ;
_c22 cm
336 _2rdacontent
_atexto
_btxt
337 _2rdamedia
_asin medio
_bn
338 _2rdacarrier
_avolumen
_bnc
490 0 _aÁrea de auditoria
650 7 _aContabilidad
_2armarc
650 7 _aOrganización industrial
_2armarc
942 _2ddc
_cLI
_h657.7
_iP426
999 _c13651
_d13651